| 000 | 00709nam a2200217 a 4500 | ||
|---|---|---|---|
| 005 | 20240924064437.0 | ||
| 008 | 030901s1991 mx r 000 0 spa d | ||
| 020 | _a9686078843 | ||
| 035 | _aUPN01000128296 | ||
| 049 | _aCG | ||
| 050 | 4 |
_aLC191.8 A5 _bG3.3 |
|
| 100 | 1 | _aGajardo, Marcela | |
| 245 | 1 | 3 |
_aLa concientización en América Latina : _buna revisión crítica / _cMarcela Gajardo. |
| 260 |
_aPátzcuaro, Mich.: _bCREFAL : _bPREDE, _c1991. |
||
| 300 | _a130 p. | ||
| 440 | 0 |
_aErajpani ; _v4 |
|
| 650 | 2 |
_aEducación _xAspectos sociales _zAmérica Latina _97142 |
|
| 650 | 2 |
_aConciencia de sí mismo (Conocimiento) _913608 |
|
| 650 | 4 |
_aEducación popular _zAmérica Latina _95199 |
|
| 905 | _aLibro | ||
| 999 |
_c100475 _d100475 |
||